Normal view
MARC view
Entry Personal Name
001 - CONTROL NUMBER
- control field: 2728
003 - CONTROL NUMBER IDENTIFIER
- control field: AM-YEHGA
005 - DATE AND TIME OF LATEST TRANSACTION
- control field: 20250617070438.0
008 - FIXED-LENGTH DATA ELEMENTS
- fixed length control field: 060314 a|ac|n|aab||||||||||||a |n|||||||
040 ## - CATALOGING SOURCE
- Original cataloging agency: AM-YEHGA
100 1# - HEADING--PERSONAL NAME
- Personal name: Խառատյան, Հրանուշ,
- Dates associated with a name: 1952 -
400 1# - SEE FROM TRACING--PERSONAL NAME
- Personal name: Խառատյան, Հ.
- Fuller form of name: (Հրանուշ),
- Dates associated with a name: 1952 -
400 1# - SEE FROM TRACING--PERSONAL NAME
- Personal name: Խառատյան-Առաքելյան, Հրանուշ,
- Dates associated with a name: 1952 -
400 1# - SEE FROM TRACING--PERSONAL NAME
- Personal name: Харатьян Грануш,
- Dates associated with a name: 1952 -
400 1# - SEE FROM TRACING--PERSONAL NAME
- Personal name: Харатьян, Г.
- Fuller form of name: (Грануш),
- Dates associated with a name: 1952 -
400 1# - SEE FROM TRACING--PERSONAL NAME
- Personal name: Kharatyan, Hranush,
- Dates associated with a name: 1952 -
670 ## - SOURCE DATA FOUND
- Source citation: Տեղեկությունները ճշտված են հեղինակի հետ :
- Information found: Հրանուշ Խառատյան (ծ. 18.2.1952 թ., ), ազգագրագետ: Պատմ. գիտ. դ-ր (1982):
670 ## - SOURCE DATA FOUND
- Source citation: Պատմություններ աղքատության մասին = Stories on Poverty, 2001 :
- Information found: տիտղթ. (խմբ.՝ Հրանուշ Խառատյան)
670 ## - SOURCE DATA FOUND
- Source citation: Արտագաղթը Հայաստանից, 2003 :
- Information found: տիտղթ. (խմբ.՝ Հ. Խառատյան)
670 ## - SOURCE DATA FOUND
- Source citation: Հայ ժողովրդական տոները, 2000 :
- Information found: տիտղթ. (Հրանուշ Խառատյան-Առաքելյան)
670 ## - SOURCE DATA FOUND
- Source citation: Археология, этнология и фольклористика Кавказа = Archaeonygi, Ethnology and Folklore of the Caucasus : Материалы Международной конференции, 2003 :
- Information found: т.л. (ред. Г. Харатьян)
ՀՀ Գիտությունների ազգային ակադեմիայի հիմնարար գիտական գրադարան = Fundamental Scientific Library of NAS RA
All site content, except where otherwise noted, is licensed under a